| 000 | 00434nam a2200169Ia 4500 | ||
|---|---|---|---|
| 008 | 240729s9999 xx 000 0 und d | ||
| 022 | _a2673-706X | ||
| 245 | 0 | _aNanoenergy Advances | |
| 260 | _aSwitzerland | ||
| 260 | _bMDPI AG | ||
| 650 | _a Chemical technology | ||
| 650 | _a Physics | Technology | ||
| 650 | _aScience | ||
| 856 | _uhttps://doaj.org/toc/221dbcb161654e7da1ba36b677ee89e8 | ||
| 942 | _2ddc | ||
| 942 | _cDOAJEJ | ||
| 999 |
_c71857 _d71857 |
||
| 945 |
_a1 _bMadushi Gamage _c1 _dMadushi Gamage |
||